Igreja de Nossa Senhora do Rosário e Capela de São Benedito : (Record no. 1222)
[ view plain ]
| 000 -LÍDER | |
|---|---|
| Campo Fixo de Controle | 00938nam a2200253 a 4500 |
| 001 - NÚMERO DE CONTROLE | |
| Campo de Controle | 1222 |
| 003 - IDENTIFICAÇÃO DO NÚMERO DE CONTROLE | |
| Campo de Controle | BR-CuiBMT |
| 005 - DATA E HORA DA ÚLTIMA ATUALIZAÇÃO | |
| Campo de Controle | 20231210145033.0 |
| 008 - DADOS FIXOS | |
| Dados Fixos | 231128s2008 mtba 000 0 por d |
| 020 ## - INTERNATIONAL STANDARD BOOK NUMBER | |
| Nº do ISBN | 9788587226785 |
| 040 ## - AGÊNCIA CATALOGADORA | |
| Código da Agência Catalogadora | BR-CuiBMT |
| Agência que transcreveu o registro | BR-CuiBMT |
| 080 ## - Nº DA CLASSIFICAÇÃO DECIMAL UNIVERSAL | |
| Nº Class. CDU | 27-523.42:72 |
| Subd. Auxiliar Comum | (817.2) |
| Nº edição CDU | 2007 |
| 090 ## - NÚMERO DE CHAMADA | |
| Nº classificação | 27-523.42:72(817.2) |
| Cutter | L131i |
| 100 1# - ENTRADA PRINCIPAL -- AUTOR PESSOAL | |
| Nome pessoal | Lacerda, Leila Borges de |
| 245 10 - TÍTULO PRINCIPAL | |
| Título principal | Igreja de Nossa Senhora do Rosário e Capela de São Benedito : |
| Subtítulo | um diálogo entre a história e a arquitetura / |
| Indicação de responsabilidade | Leila Borges de Lacerda, Nauk Maria de Jesus. |
| 260 ## - PUBLICAÇÃO, DISTRIBUIÇÃO, ETC. | |
| Local de publicação | Cuiabá : |
| Editora | Entrelinhas, |
| Data | 2008. |
| 300 ## - DESCRIÇÃO FÍSICA | |
| N. páginas ou volumes | 175 p. : |
| Ilustrações | il. color. ; |
| Dimensões | 31 cm |
| 504 ## - NOTA DE BIBLIOGRAFIA, ETC. | |
| Nota de bibliografia | Inclui bibliografia. |
| 650 ## - ASSUNTO TÓPICO | |
| Cabeçalho tópico ou nome geográfico | Igreja Católica |
| Subdivisão geral | Arquitetura |
| Subdivisão geográfica | Mato Grosso |
| 650 ## - ASSUNTO TÓPICO | |
| Cabeçalho tópico ou nome geográfico | Igreja de Nossa Senhora do Rosário |
| Subdivisão geral | História |
| Subdivisão geográfica | Cuiabá (MT) |
| 650 ## - ASSUNTO TÓPICO | |
| Cabeçalho tópico ou nome geográfico | Capela de São Benedito |
| Subdivisão geral | História |
| Subdivisão geográfica | Cuiabá (MT) |
| 700 1# - ENTRADA SECUNDÁRIA -- NOME PESSOAL | |
| Nome pessoal | Jesus, Nauk Maria de |
| 942 ## - ELEMENTOS DE ENTRADA ADICIONAIS (KOHA) | |
| Fonte de classificação ou esquema de arquivamento | Classificação Decimal Universal |
| Tipo de item do Koha | Livros |
| Estado: removido | Estado: perdido | Fonte de classificação ou esquema de arquivamento | Estado: danificado | Indisponível para empréstimo | Localização permanente | Localização atual | Data de aquisição | Total Checkouts | Número de Chamada completo | Código de barras | Date last seen | Número do exemplar | Preço efetivo a partir de | Tipo de item (Koha) |
|---|---|---|---|---|---|---|---|---|---|---|---|---|---|---|
| Classificação Decimal Universal | Biblioteca da Escola Superior de Contas do TCE/MT | Biblioteca da Escola Superior de Contas do TCE/MT | 01/12/2023 | 27-523.42:72(817.2) L131i | BIBTCEMT23120024 | 01/12/2023 | Ex. 1 | 01/12/2023 | Livros | |||||
| Classificação Decimal Universal | Biblioteca da Escola Superior de Contas do TCE/MT | Biblioteca da Escola Superior de Contas do TCE/MT | 18/03/2024 | 27-523.42:72(817.2) L131i | BIBTCEMT24030014 | 18/03/2024 | Ex. 2 | 18/03/2024 | Livros | |||||
| Classificação Decimal Universal | Biblioteca da Escola Superior de Contas do TCE/MT | Biblioteca da Escola Superior de Contas do TCE/MT | 18/03/2024 | 27-523.42:72(817.2) L131i | BIBTCEMT24030015 | 18/03/2024 | Ex. 3 | 18/03/2024 | Livros |